| 000 | 00702nam a22002297a 4500 | ||
|---|---|---|---|
| 999 |
_c8478 _d8478 |
||
| 003 | AR-CdUCM | ||
| 008 | 190325b ||||| |||| 00| 0 spa d | ||
| 040 |
_aMUNICIPALIDAD PROVINCIAL DEL CUSCO _cBIBLIOTECA MUNICIPAL DEL CUSCO |
||
| 041 | _heng | ||
| 082 |
_a155.2 / _bSC29 |
||
| 100 |
_aSchnerider, K. _923774 |
||
| 245 | _aLas Personalidades Psipaticas / | ||
| 260 |
_aMadrid : _bEdiciones Morata, _c1971. |
||
| 300 |
_a214 paginas ; _c21 cm. |
||
| 500 | _aTraducción de: Die psychopathischen personlichkeiten. | ||
| 650 |
_aTranstornos _923775 |
||
| 650 |
_aPsicopatologia _96514 |
||
| 650 |
_aPersonalidad _9925 |
||
| 700 |
_aLlopis, Bartolome _923776 |
||
| 942 |
_2ddc _cLIBROS |
||
| 945 | _apjha | ||